Eastern Utah Libraries Catalog: Duchesne, Heber, Roosevelt, & Vernal

El autobus magico en el museo encantado : (Record no. 3553)

MARC details
000 -LEADER
fixed length control field 01454cam a22003738a 4500
003 - CONTROL NUMBER IDENTIFIER
control field OCoLC
005 - DATE AND TIME OF LATEST TRANSACTION
control field 20241220103120.0
008 - FIXED-LENGTH DATA ELEMENTS--GENERAL INFORMATION
fixed length control field 941102s1995 nyu j 000 0 spa
001 - CONTROL NUMBER
control field 31610307
010 ## - LIBRARY OF CONGRESS CONTROL NUMBER
LC control number 94040025 /AC
020 ## - INTERNATIONAL STANDARD BOOK NUMBER
International Standard Book Number 0590205498
035 ## - SYSTEM CONTROL NUMBER
System control number (Sirsi) i9780590205498
040 ## - CATALOGING SOURCE
Original cataloging agency DLC
Transcribing agency DLC
Modifying agency ZZC
041 1# - LANGUAGE CODE
Language code of text/sound track or separate title spa
Language code of original and/or intermediate translations of text eng
049 ## - LOCAL HOLDINGS (OCLC)
Holding library GZDA
082 00 - DEWEY DECIMAL CLASSIFICATION NUMBER
Classification number 534
Edition number 20
082 ## - DEWEY DECIMAL CLASSIFICATION NUMBER
Classification number AUT
092 ## - LOCALLY ASSIGNED DEWEY CALL NUMBER (OCLC)
Classification number AUT
100 1# - MAIN ENTRY--PERSONAL NAME
Personal name Beech, Linda.
9 (RLIN) 26192
245 13 - TITLE STATEMENT
Title El autobus magico en el museo encantado :
Remainder of title un libro sobre los sonidos : from an episode of the animated TV series /
Statement of responsibility, etc produced by Scholastic Productions, Inc. ; based on the Magic school bus books written by Joanna Cole and illustrated by Bruce Degen ; [TV tie-in book adaptation by Linda Ward Beech and illustrated by Joel Schick ; TV script written by John May, Kristin Laskas Martin, and Jocelyn Stevenson ; Spanish translation by Teresa Mlawer].
260 ## - PUBLICATION, DISTRIBUTION, ETC. (IMPRINT)
Place of publication, distribution, etc New York :
Name of publisher, distributor, etc Scholastic Inc.,
Date of publication, distribution, etc 1995.
263 ## - PROJECTED PUBLICATION DATE
Projected publication date 9501
300 ## - PHYSICAL DESCRIPTION
Extent [32] p. :
Other physical details col. ill. ;
Dimensions 21 cm.
500 ## - GENERAL NOTE
General note Spanish.
650 #0 - SUBJECT ADDED ENTRY--TOPICAL TERM
Topical term or geographic name as entry element Sound
Form subdivision Juvenile literature.
9 (RLIN) 5719981
650 #0 - SUBJECT ADDED ENTRY--TOPICAL TERM
Topical term or geographic name as entry element Science museums
General subdivision Educational aspects
Form subdivision Juvenile literature.
9 (RLIN) 6498580
700 1# - ADDED ENTRY--PERSONAL NAME
Personal name Schick, Joel.
9 (RLIN) 7178
700 1# - ADDED ENTRY--PERSONAL NAME
Personal name Martin, Kristin Laskas.
9 (RLIN) 41964
700 1# - ADDED ENTRY--PERSONAL NAME
Personal name Cole, Joanna.
Title of a work Magic school bus.
9 (RLIN) 5775446
710 2# - ADDED ENTRY--CORPORATE NAME
Corporate name or jurisdiction name as entry element Scholastic Productions.
9 (RLIN) 20627
942 ## - ADDED ENTRY ELEMENTS (KOHA)
Koha item type BOOK
979 ## -
-- 259803
998 ## - LOCAL CONTROL INFORMATION (RLIN)
-- a7670
Holdings
Withdrawn status Lost status Source of classification or shelving scheme Damaged status Not for loan Collection code Home library Current library Shelving location Date acquired Total Checkouts Total Renewals Full call number Barcode Date last seen Date checked out Price effective from Koha item type
    Dewey Decimal Classification     Spanish Children Picture Book Wasatch County Library Wasatch County Library First Floor 07/17/2000 21 7 E Col 34301000294852 10/01/2025 11/21/2024 03/20/2020 BOOK
This project was made possible through a grant from the Institute of Museum and Library Service administered by the Utah State Library Division.

Wasatch County Library

  • 465 East 1200 South, Heber City, Utah 84032
  • Phone 435-654-1511 | Fax 435-654-6456

Hours

  • Monday - Friday 9:30 AM - 8:00 PM
  • Saturday 9:30 AM - 1:30 PM
  • Closed Sundays and Holidays